|
|
|
|
| LEADER |
02669nam a2200661 i 4500 |
| 001 |
nkc20203216447 |
| 003 |
CZ PrNK |
| 005 |
20200729103709.0 |
| 007 |
ta |
| 008 |
200430s2020 xr a f 000 0 slo |
| 015 |
|
|
|a cnb003216447
|
| 020 |
|
|
|a 978-80-7392-334-1
|q (MSD ;
|q brožováno)
|
| 035 |
|
|
|a (OCoLC)1200255309
|
| 040 |
|
|
|a BOA001
|b cze
|e rda
|
| 043 |
|
|
|a e------
|
| 044 |
|
|
|a xr
|a xo
|
| 072 |
|
7 |
|a 327
|x Mezinárodní vztahy, světová politika
|2 Konspekt
|9 15
|
| 080 |
|
|
|a [339.923+327](4)
|2 MRF
|
| 080 |
|
|
|a 061
|2 MRF
|
| 080 |
|
|
|a 005.72
|2 MRF
|
| 080 |
|
|
|a [339.924+327](4)
|2 MRF
|
| 080 |
|
|
|a 341.171(4)
|2 MRF
|
| 080 |
|
|
|a (4)
|2 MRF
|
| 080 |
|
|
|a (048.8:082)
|2 MRF
|
| 100 |
1 |
|
|a Funta, Rastislav,
|d 1982-
|7 jx20100609002
|4 aut
|
| 245 |
1 |
0 |
|a Európa a Európske právo /
|c Rastislav Funta, Liudmyla Golovko, Filip Juriš
|
| 250 |
|
|
|a 2. doplnené a rozšírené vydanie
|
| 264 |
|
1 |
|a Brno :
|b MSD v spolupráci s Vysoká škola Danubius,
|c 2020
|
| 300 |
|
|
|a 444 stran :
|b ilustrace (některé barevné) ;
|c 21 cm
|
| 336 |
|
|
|a text
|b txt
|2 rdacontent
|
| 337 |
|
|
|a bez média
|b n
|2 rdamedia
|
| 338 |
|
|
|a svazek
|b nc
|2 rdacarrier
|
| 500 |
|
|
|a Na obálce nad názvem: Vysoká škola Danubius, Fakulta práva Janka Jesenského
|
| 500 |
|
|
|a 150 výtisků
|
| 504 |
|
|
|a Obsahuje bibliografie a bibliografické odkazy
|
| 610 |
2 |
7 |
|a Evropská unie
|7 kn20010711086
|2 czenas
|
| 650 |
0 |
7 |
|a evropská integrace
|7 ph137464
|2 czenas
|
| 650 |
0 |
7 |
|a instituce a organizace
|7 ph114779
|z země Evropské unie
|2 czenas
|
| 650 |
0 |
7 |
|a institucionální struktura
|7 ph164238
|z země Evropské unie
|2 czenas
|
| 650 |
0 |
7 |
|a politiky Evropské unie
|7 ph353333
|2 czenas
|
| 650 |
0 |
7 |
|a evropské právo
|7 ph121776
|2 czenas
|
| 650 |
0 |
9 |
|a European integration
|2 eczenas
|
| 650 |
0 |
9 |
|a institutions and organizations
|z European Union countries
|2 eczenas
|
| 650 |
0 |
9 |
|a institutional structure
|z European Union countries
|2 eczenas
|
| 650 |
0 |
9 |
|a European policies
|2 eczenas
|
| 650 |
0 |
9 |
|a European law
|2 eczenas
|
| 655 |
|
7 |
|a kolektivní monografie
|7 fd501537
|2 czenas
|
| 655 |
|
9 |
|a collective monographs
|2 eczenas
|
| 700 |
1 |
|
|a Holovko, Ljudmyla Oleksandrìvna
|7 jo2016906712
|4 aut
|
| 700 |
1 |
|
|a Juriš, Filip
|7 mzk2012695415
|4 aut
|
| 710 |
2 |
|
|a Vysoká škola Danubius.
|b Fakulta práva Janka Jesenského
|7 xx0197354
|4 isb
|
| 910 |
2 |
|
|a BOA001
|b 2-1450.243
|
| 928 |
9 |
|
|a Vysoká škola Danubius
|
| 990 |
|
|
|a BK
|
| 995 |
|
|
|a 01
|
| 991 |
|
|
|b 202007
|c NOV
|
| 996 |
6 |
|
|b 2610829349
|c 2-1450.243
|l MZK
|r Sklad / do 1 hodiny
|n 2
|p p.v.
|w 001811439
|u 000010
|a 1
|e BOA001
|j MZK50
|s P
|
| 996 |
7 |
|
|b 2610829350
|c 2-1450.243
|l MZK
|r Sklad / do 1 hodiny
|n 2
|p p.v.
|w 001811439
|u 000020
|a 1
|e BOA001
|j MZK50
|s A
|